Victorian children's literature for all ages lesson 13. /
The unit explores the changing notions of childhood and the significance of children’s literature in the Victorian era through a brief overview of a variety of subgenres ranging from nonsense fantasy through revisionary Christian myth to evolutionary fairy tale.
Elmentve itt :
| Szerző: | |
|---|---|
| Dokumentumtípus: | Vegyes gyűjtemény |
| Megjelent: |
2020-06
|
| Kulcsszavak: | angol irodalom története Viktoriánus irodalom gyermekirodalom |
| Tárgyszavak: | |
| Online Access: | http://eta.bibl.u-szeged.hu/3052 |
| LEADER | 01386npc a2200241 i 4500 | ||
|---|---|---|---|
| 001 | eta3052 | ||
| 005 | 20231005145934.0 | ||
| 008 | 200805s2020 hu o 0|| eng d | ||
| 040 | |a SZTE Elektronikus Tananyag Archívum |b hun | ||
| 041 | |a eng | ||
| 100 | 2 | |a Sándorné Kérchy Anna | |
| 245 | 1 | 0 | |a Victorian children's literature for all ages |h [elektronikus dokumentum] : |b lesson 13. / |c Sándorné Kérchy Anna |
| 260 | |c 2020-06 | ||
| 520 | 3 | |a The unit explores the changing notions of childhood and the significance of children’s literature in the Victorian era through a brief overview of a variety of subgenres ranging from nonsense fantasy through revisionary Christian myth to evolutionary fairy tale. | |
| 520 | 3 | |a The unit explores the changing notions of childhood and the significance of children’s literature in the Victorian era through a brief overview of a variety of subgenres ranging from nonsense fantasy through revisionary Christian myth to evolutionary fairy tale. | |
| 650 | 4 | |a Bölcsészettudományok | |
| 650 | 4 | |a Nyelvek és irodalom | |
| 650 | 4 | |a Általános irodalomtudományok | |
| 650 | 4 | |a Irodalomtörténet | |
| 695 | |a angol irodalom története | ||
| 695 | |a Viktoriánus irodalom | ||
| 695 | |a gyermekirodalom | ||
| 856 | 4 | 0 | |u https://eta.bibl.u-szeged.hu/3052/7/Unit%2013_Victorian%20Children%27s%20Literature%20for%20All%20Ages_corr.pdf |z Dokumentum-elérés |